000
00336nam a2200145Ia 4500
008
151213s9999 xx 000 0 und d
100
_a
Don Tray
245
_a
Chesapeate Cavalier
_c
Don Tray
250
_a
1st
260
_a
New York
_b
Pocket Books
_c
1949
300
_a
4546 p.
650
_a
English
700
_a
Don Tray
999
_c
2920
_d
2920